000 00429nam a2200193Ia 4500
005 20240823032037.0
008 240823s9999||||xx |||||||||||||| ||und||
020 _a978-81-8476-309-6
041 _aENGLISH
082 _A378.32 Q0
100 _aSrinivas K N
245 0 _aNobel Vettiyalarkal
250 _a1st
260 _c2010
_bVikadan
500 _aYES
650 _aNobel
_bGeneral
942 _cBK
999 _c192509
_d192509